[Event "La Coruna op"]
[Site "?"]
[Date "1998.??.??"]
[Round "?"]
[White "Andrade, Leonardo"]
[Black "Rivera, Daniel"]
[Result "0-1"]
[WhiteElo "2250"]
[BlackElo "2365"]
[PlyCount "60"]
[EventDate "1998.??.??"]
[Source "www.chesslib.no"]
[SourceDate "2004.05.04"]

1. d4 e6 2. Nf3 f5 3. g3 Nf6 4. Bg2 d5 5. O-O Be7 6. c4 O-O 7. b3 c6 8. Ba3 Bxa3 9. Nxa3 Bd7 10. Nc2 Be8 11. Nce1 Nbd7 12. Nd3 Bh5 13. Nfe5 Nxe5 14. Nxe5 Nd7 15. Nxd7 Qxd7 16. Qd2 dxc4 17. bxc4 e5 18. d5 e4 19. f3 exf3 20. Bxf3 Bxf3 21. Rxf3 Rae8 22. Rf4 Re5 23. Rd1 Rfe8 24. Kf2 Qe7 25. e4 fxe4 26. Qd4 g5 27. d6 Qe6 28. d7 Rd8 29. h4 gxf4 30. gxf4 e3+ 0-1

[Event "Club Tres Peons"]
[Site "?"]
[Date "1996.??.??"]
[Round "9"]
[White "Yepes Martinez, Eduard"]
[Black "Ramirez, JA."]
[Result "1/2-1/2"]
[WhiteElo "2315"]
[BlackElo "2295"]
[PlyCount "22"]
[EventDate "1996.??.??"]
[Source "www.chesslib.no"]
[SourceDate "2004.05.04"]

1. Nf3 d5 2. d4 f5 3. g3 c6 4. Bg2 e6 5. O-O Nf6 6. c4 Be7 7. b3 O-O 8. Ba3 Nbd7 9. Bxe7 Qxe7 10. Nbd2 Ne4 11. Qc2 Nxd2 1/2-1/2

[Event "Israeli League tt, Tel Aviv ISR"]
[Site "Tel Aviv"]
[Date "1999.??.??"]
[Round "1"]
[White "Postny, E."]
[Black "Shachar, E."]
[Result "0-1"]
[WhiteElo "2260"]
[BlackElo "2350"]
[PlyCount "96"]
[EventDate "1999.??.??"]
[Source "www.chesslib.no"]
[SourceDate "2004.05.04"]

1. d4 e6 2. Nf3 f5 3. g3 Nf6 4. Bg2 d5 5. c4 c6 6. O-O Be7 7. b3 O-O 8. Ba3 Nbd7 9. Qc1 Ne4 10. Bxe7 Qxe7 11. Na3 a5 12. Nc2 b6 13. Qa3 Qf6 14. Ne3 Bb7 15. Rac1 g5 16. Qb2 g4 17. Ne5 Nxe5 18. dxe5 Qg5 19. Bxe4 fxe4 20. c5 b5 21. a3 Rf7 22. Qd4 Raf8 23. Rcd1 Bc8 24. Ra1 Bd7 25. Qc3 Rg7 26. Ng2 Rg6 27. Nh4 Rh6 28. Qxa5 Qxe5 29. Qd2 Rhf6 30. Rad1 Ra8 31. Qc1 Rf7 32. Ng2 Qg7 33. Ne3 d4 34. Nc2 e5 35. Nb4 Qg6 36. a4 bxa4 37. bxa4 Rxa4 38. Qb1 Ra5 39. Qb3 Rxc5 40. Ra1 Rc3 41. Ra8+ Kg7 42. Qa2 Qe6 43. Qa5 c5 44. Ra6 Qf5 45. Nd5 e3 46. Nf6 Rxf6 47. Rxf6 exf2+ 48. Kg2 Qxf6 0-1

[Event "CZE Team Ch 9697"]
[Site "Czech Republic"]
[Date "1997.??.??"]
[Round "6"]
[White "Chloupek, Stanislav"]
[Black "Svoboda, Milos"]
[Result "1-0"]
[WhiteElo "2335"]
[BlackElo "2275"]
[PlyCount "83"]
[EventDate "1996.??.??"]
[Source "www.chesslib.no"]
[SourceDate "2004.05.04"]

1. d4 d5 2. Nf3 e6 3. g3 f5 4. Bg2 Nf6 5. O-O Be7 6. c4 c6 7. b3 O-O 8. Ba3 Bxa3 9. Nxa3 Qe7 10. Nc2 b6 11. Nce1 Bb7 12. Rc1 Nbd7 13. Nd3 Rfc8 14. Nf4 Ne4 15. e3 dxc4 16. bxc4 c5 17. d5 e5 18. Ne6 Nd6 19. a4 e4 20. Nd2 Nf8 21. Nxf8 Rxf8 22. a5 Ba6 23. Qc2 b5 24. cxb5 Bxb5 25. Rfd1 Rfc8 26. Bf1 Bxf1 27. Kxf1 Qf6 28. Nc4 Nf7 29. d6 Qh6 30. h4 g5 31. Kg2 Qh5 32. Rh1 Rf8 33. hxg5 Qf3+ 34. Kg1 Rad8 35. Rh4 f4 36. Rxf4 Qh5 37. Rh4 Qg6 38. Qxe4 Qxe4 39. Rxe4 Kg7 40. Re7 Kg6 41. f4 Nxd6 42. Re6+ 1-0

[Event "Masters"]
[Site "Singapore SIN"]
[Date "2006.12.26"]
[Round "2"]
[White "Dableo, R."]
[Black "Paez, A."]
[Result "1/2-1/2"]
[WhiteElo "2425"]
[BlackElo "2182"]
[PlyCount "74"]
[EventDate "2006.12.26"]
[Source "www.chesslib.no"]
[SourceDate "2004.05.04"]

1. c4 e6 2. Nf3 f5 3. g3 Nf6 4. Bg2 d5 5. O-O Bd6 6. b3 O-O 7. Ba3 Bxa3 8. Nxa3 c6 9. d4 Bd7 10. Nc2 Be8 11. Nb4 Bh5 12. c5 Qe7 13. Nd3 Nbd7 14. b4 Ne4 15. Qc2 g5 16. Nfe5 Nxe5 17. Nxe5 Be8 18. a4 a6 19. f3 Nf6 20. e3 Nd7 21. Nxd7 Qxd7 22. f4 g4 23. Rfb1 h5 24. Bf1 Qh7 25. Ra2 h4 26. Qg2 Kf7 27. Qd2 Rh8 28. gxh4 Qxh4 29. Qe1 Bd7 30. Qxh4 Rxh4 31. Rg2 Kf6 32. Rg3 Rah8 33. h3 Be8 34. hxg4 fxg4 35. Bg2 Bg6 36. Rb2 Bd3 37. Kf2 Kf5 1/2-1/2